| 000 | 00471cam a2200193ua 4500 | ||
|---|---|---|---|
| 001 | 5512 | ||
| 008 | 131002n ii |||gr||||Z||||||eng | ||
| 020 | _a81-7656-019-7 | ||
| 040 | _cMAIN | ||
| 082 | _a005.43 | ||
| 245 |
_aOperating Systems _cby Colin Ritchie |
||
| 250 | _a3rd ed. | ||
| 260 |
_aDelhi: _bBPB Publications, _c2006. |
||
| 300 | _av,277p. | ||
| 653 | _acomputer science | ||
| 653 | _aOperating Systems | ||
| 700 | 1 |
_aRitchie,Colin, _eAuthor. |
|
| 942 | _cBK | ||
| 999 |
_c4687 _d4687 |
||